| 000 | 00749nam a22002297a 4500 | ||
|---|---|---|---|
| 005 | 20141105125236.0 | ||
| 010 | _aENG-111098 | ||
| 020 |
_c695.00 _a9788120350601 |
||
| 035 | _aEN-94630 | ||
| 037 | _bDBAD/PUB | ||
| 082 | _a006.37 | ||
| 100 | _aForsyth, David A. | ||
| 245 |
_aComputer vision : _cby David A. Forsyth [and] Jean Ponce _ba modern approach / |
||
| 250 | _a2nd ed | ||
| 260 |
_aDelhi _bPHI Learning _c2015 |
||
| 270 |
_bDelhi _e110092 _aRimjhim House, 111, Patparganj Industrial Estate |
||
| 300 |
_axxix,761p. : _c26cm(pbk) _bill. |
||
| 500 | _aIncludes bibliographical references and index | ||
| 650 |
_a Computer vision _vProblems, exercises, etc. |
||
| 700 | _aPonce, Jean | ||
| 942 |
_2ddc _cEN _mFOR _h006.37 |
||
| 999 |
_c89749 _d89749 |
||